00597nam a2200193Ia 4500003000900000005001700009008004100026040001300067040001300080041000800093100002000101245003200121300000800153490000800161490000700169942001200176999001700188952019800205IT-RoPAU20220918175616.0120407s9999 xx 000 0 und d aIT-RoPAU cIT-RoPAU aita aPlatone 928499 aProcesso e morte di Socrate c cm aBUR v58 cBK2ddc c21331d21331 00102ddc406808_10000000000000071aPAULUSbPAULUSd2012-04-11l0o808.1r2012-04-11 00:00:00w2012-04-11yBKzInserito da: Mario In data: 19 settembre 2011 fondo: Via A.Severo 56 Progr:29976